00437nam a2200145Ia 4500008004100000020001800041041000800059082001600067100002300083245010300106250000600209260003900215300001500254650002200269210716s2018 xx 000 0 und d a9789386873736 aeng a004.65 SCHM aSchulz, Michael S. aMCSA 70-741 cert guide: networking with windows server 2016.bNetworking with windows server 2016. a1 aNew DelhibPearson Educationc2018 axxxiii,800 aComputer Networks